Football par lettre - F - Statistiques

Statistiques générales
  • Ce quiz a été pris 238 fois
  • Le résultat moyen est 12 sur 20
Statistiques - réponses
Hint Réponse % Correct
Jeu vidéo de football le plus connu, devenu FC en 2024 FIFA
98%
Animal rattaché à l'équipe d'Algerie Fennec
90%
Coup franc, en anglais Free kick
86%
Joueur belge reconnaissable à sa touffe de cheveux proéminente Marouane Fellaini
82%
Coach anobli par Elizabeth II en 1999 Sir Alex Ferguson
77%
Meilleur buteur de la coupe du monde 1958 Just Fontaine
72%
Les supporters barcelonais lui ont lancé une tete de cochon lors du Clasico Luis Figo
70%
Club coaché par Arne Slot avant son arrivée à Liverpool Feyenoord
66%
Club qui joue ses matchs à Craven Cottage Fulham
66%
On le surnommait El Tigre Radamel Falcao
62%
Son but a offert la coupe du monde des clubs à Liverpool en 2019 Roberto Firmino
60%
Joueur suisse, légende du Stade Rennais Alexander Frei
58%
Club hongrois qui porte le prénom de son créateur Ferencvaros
52%
Il est cité juste avant Tolisso dans la chanson de Vegedream " Ramenez la coupe à la maison" Nabil Fekir
44%
En 1998, ce club était sponsorisé par Nintendo Fiorentina
42%
Buteur lyonnais des années 2000 ou milieu mancunien des annees 2010 Fred
42%
Ville insulaire qui abrite les clubs du Maritimo et du Nacional Funchal
31%
"Petit bonhomme" dont le tir au but a éliminé le Bresil de la CDM 1986 Luis Fernandez
28%
Club qui dispute un derby intercontinental Fenerbahce
25%
Adjectif italien designant un joueur surdoué Fuoriclasse
12%
Aucun quiz correspondant
Distribution des résultats
% des personnes avec chaque résultat
Percentile par nombre de réponses
Votre historique - résultats
Vous n’avez pas pris ce quiz